| 000 | 00494nam a2200193Ia 4500 | ||
|---|---|---|---|
| 005 | 20250603145750.0 | ||
| 008 | 250603s9999 xx 000 0 und d | ||
| 020 | _a9781292118703 | ||
| 050 | _aHB 137 .B37/ | ||
| 100 | _aBarrow, Michael | ||
| 245 | 0 | _aStatistics for economics: accounting and business studies | |
| 250 | _a7th ed. | ||
| 260 | _aUnited Kingdom | ||
| 260 | _bPears Education Limited | ||
| 260 | _c2017 | ||
| 300 | _a499 p | ||
| 650 | _aUnited Kingdom | ||
| 942 | _cBK | ||
| 999 |
_c42789 _d42789 |
||